| 000 | 01461nac a22003131i 4500 | ||
|---|---|---|---|
| 003 | EG-ScBUE | ||
| 005 | 20240220130210.0 | ||
| 008 | 121122s1970 ua a f b 000 0 ara d | ||
| 040 |
_aEG-ScBUE _bara _erda _cEG-ScBUE _dEG-ScBUE |
||
| 041 | 1 |
_aara _heng |
|
| 082 | 0 | 4 |
_a932 _bإ م ر _222 |
| 100 | 1 |
_aإمري، والتر ب.، _d1903-1971، _eمؤلف. _931439 |
|
| 240 | 1 | 0 |
_aEgypt in Nubia. _lArabic |
| 245 | 1 | 0 |
_aمصر وبلاد النوبة / _cتأليف وولتر إمري ؛ ترجمة تحفة حندوسة ؛ مراجعة د. عبد المنعم أبو بكر. |
| 264 | 1 |
_aالقاهرة : _bالهيئة المصرية العامة للتأليف والنشر، _c1970. |
|
| 300 |
_a263 صفحة : _bإيضاحيات ؛ _c24 سم |
||
| 336 |
_2rdacontent _aنص _btxt |
||
| 337 |
_aبدون وسيط _2rdamedia _bn |
||
| 338 |
_aمجلد _bnc _2rdacarrier |
||
| 504 | _aيشتمل على إرجاعات ببليوجرافية. | ||
| 546 | _aالنص باللغة العربية وتم ترجمته من اللغة الإنجليزية. | ||
| 651 | 7 |
_aمصر القديمة _xتاريخ. _2BUEsh _931440 |
|
| 651 | 7 |
_aالسودان القديم _xتاريخ. _2BUEsh _931441 |
|
| 651 | 7 |
_aالسودان _xتاريخ _zمملكة النوبة المسيحية. _2BUEsh |
|
| 655 | _vReading book | ||
| 700 | 1 |
_aحندوسه، تحفة، _eمترجم. _931442 |
|
| 700 | 1 |
_aأبو بكر، عبد المنعم، _eمراجع. _931443 |
|
| 942 |
_cBB _2ddc |
||
| 999 |
_c6391 _d6391 |
||